| 000 | 00445pam a2200169 i 4500 | ||
|---|---|---|---|
| 020 | _a0813815606 | ||
| 040 | _cDLC | ||
| 082 | 0 | 0 | _a519 LOW 1980 A084 Or. |
| 100 | 1 | _aSnedecor, George Waddel, | |
| 245 | 1 | 0 | _aStatistical methods / |
| 250 | _a7th ed. | ||
| 260 |
_aAmes, Iowa : _bIowa State University Press, _cc1980. |
||
| 300 |
_axvi, 507 p. : _bill. ; _c24 cm. |
||
| 650 | 0 | _aStatistics. | |
| 700 | 1 | _aCochran, William Gemmell, | |
| 942 | _cEK | ||
| 999 |
_c16277 _d16277 |
||